000 00880nab#a2200277#c#4500
999 _c53639
_d53639
003 IEF
005 20191205102431.0
008 950704s1976 uuu|| #####0 b| |u
040 _aIEF
_cES-MaIEF
100 1 _aLlombart Rosa, Vicente
_97197
245 _aA propósito de los intentos de reforma de la Hacienda castellana en el siglo XVIII
_bCampomanes frente al proyecto de Unica Contribución
_c Vicente Llombart
260 _c1976
500 _aBibliografía
650 4 _aHISTORIA ECONOMICA
_945401
650 4 _aESPAÑA
_941092
650 4 _aCASTILLA Y LEON
_933553
650 4 _aCASTILLA LA MANCHA
_933552
650 4 _aHACIENDA PUBLICA
_950201
650 4 _aREFORMA
_910750
650 4 _aSIGLO XVIII
_948419
650 4 _aUNICA CONTRIBUCION
_948641
773 0 _tHacienda pública española
_w34570
_g38, p. 123-132
942 _2udc
942 _2udc